| 000 | 00000nam##2200000za#4500 |
| 001 | 9.578692 |
| 003 | CaOODSP |
| 005 | 20210624190216 |
| 007 | cr ||||||||||| |
| 008 | 150406|2006||||xxc|||||o f|0| 0 eng|d |
| 040 | |aCaOODSP|beng |
| 043 | |an-cn--- |
| 086 | 1 |aFs3-5/2006-02E-PDF |
| 110 | 1 |aCanada. |bDepartment of Fisheries and Oceans. |
| 245 | 10|aLength composition comparisons of USA and Canadian fishery catches for Atlantic cod, haddock and yellowtail flounder / |h[electronic resource]|c[by] S. Gavaris, R. Mayo, J. Brodziak, J. Hunt, C. Legault, L. O'Brien, H. Stone, and L. Van Eeckhaute. |
| 260 | |aOttawa - Ontario : |bFisheries and Oceans Canada |
| 300 | |a19p.|bgraphs, references, tables |
| 490 | 1 |aTransboundary Resource Assessment Committee reference document|v2006/02 |
| 546 | |a(Résumé en français) |
| 590 | |a14-12-Supp|b2014-05-30 |
| 830 | #0|aTransboundary Resource Assessment Committee reference document ;|v2006/02|w(CaOODSP)9.507742 |
| 856 | 40|ahttp://publications.gc.ca|qPDF|s145 KB|uhttps://publications.gc.ca/collections/collection_2014/mpo-dfo/Fs3-5-2006-02-eng.pdf|y2006/02 |